000 00850cam a2200205 4500
001 ABS66251
008 021211n2002 000 0 eng u
035 _a(Sirsi) u120739
100 _aHemsley, A
245 2 _aA hit or miss affair
260 _c2002
490 _aBuilding
_v267(8257) 1 November 2002, 50(1)
520 _aArgues that if PFI contracts are not well targeted they may fail, even though they may contain incentives and penalties to ensure good performance on services. Special purpose vehicles (SPV) are the companies set up to run the projects, and they must be carefully structured to ensure accurate measurement of performance.
590 _aABS
650 _aPFI
650 _aSPECIAL PURPOSE VEHICLE
650 _aPERFORMANCE MEASUREMENT
690 _aMANAGEMENT-BUSINESS MANAGEMENT-FINANCIAL MANAGEMENT
942 _n0
999 _c71750
_d71750